000 00376nam a22001337a 4500
008 161013b xxu||||| |||| 00| 0 eng d
050 _aL. VK543.D672
100 _aDomizlaff, Svante
_926725
245 _aSail '95 Bremerhaven
_cSvante Domizlaff
260 _aHamburg
_bHensinger
_c1995
300 _a104p. ;
_c28cm.
650 _aSailing Ships
_926726
942 _2lcc
_cMONOGRAPH
999 _c125503
_d125503